[Event "DVM U20 2022"]
[Site "Münster GER"]
[Date "2022.12.28"]
[Round "3"]
[White "Seref, Erdogan"]
[Black "Sabirov, Rafael"]
[Result "0-1"]
[Termination "normal"]
[Board "2.6"]
[WhiteElo "1987"]
[BlackElo "1991"]
[WhiteClock "00:14:52"]
[BlackClock "00:34:56"]
[WhiteTeam "Schachfreunde Brackel 1930 e. V."]
[BlackTeam "Schachgemeinschaft Porz e. V."]
[PlyCount "118"]
[WhiteFideId "16206827"]
[BlackFideId "16241185"]
[EventCountry "GER"]
[EventRounds "7"]
[EventType "team-swiss"]
[EventDate "2022.12.26"]

1. e4 {[%clk 01:30:55]} {[%emt 00:00:04]} c5 {[%clk 01:30:58]} {[%emt
00:00:03]} 2. Nf3 {[%clk 01:31:07]} {[%emt 00:00:18]} e6 {[%clk 01:31:24]}
{[%emt 00:00:04]} 3. g3 {[%clk 01:31:04]} {[%emt 00:00:32]} Nc6 {[%clk
01:30:49]} {[%emt 00:01:06]} 4. Bg2 {[%clk 01:31:08]} {[%emt 00:00:26]} d5
{[%clk 01:30:45]} {[%emt 00:00:33]} 5. exd5 {[%clk 01:31:01]} {[%emt 00:00:37]}
exd5 {[%clk 01:31:10]} {[%emt 00:00:07]} 6. O-O {[%clk 01:30:51]} {[%emt
00:00:39]} Be7 {[%clk 01:27:37]} {[%emt 00:04:03]} 7. d4 {[%clk 01:29:21]}
{[%emt 00:02:00]} Nf6 {[%clk 01:22:08]} {[%emt 00:05:58]} 8. Nc3 {[%clk
01:25:16]} {[%emt 00:04:36]} h6 {[%clk 01:18:41]} {[%emt 00:03:56]} 9. dxc5
{[%clk 01:21:15]} {[%emt 00:04:32]} Bxc5 {[%clk 01:16:17]} {[%emt 00:02:53]}
10. a3 {[%clk 01:20:54]} {[%emt 00:00:52]} O-O {[%clk 01:15:01]} {[%emt
00:01:45]} 11. b4 {[%clk 01:19:22]} {[%emt 00:02:01]} Be7 {[%clk 01:05:31]}
{[%emt 00:10:02]} 12. Bb2 {[%clk 01:15:17]} {[%emt 00:04:35]} Bg4 {[%clk
01:01:52]} {[%emt 00:04:08]} 13. Ne2 {[%clk 01:08:56]} {[%emt 00:06:51]} Rc8
{[%clk 00:55:35]} {[%emt 00:06:48]} 14. Nf4 {[%clk 01:01:56]} {[%emt 00:07:30]}
Qd7 {[%clk 00:52:43]} {[%emt 00:03:21]} 15. Rc1 {[%clk 00:46:48]} {[%emt
00:15:39]} Rfd8 {[%clk 00:49:58]} {[%emt 00:03:15]} 16. Re1 {[%clk 00:36:15]}
{[%emt 00:11:03]} a5 {[%clk 00:49:04]} {[%emt 00:01:24]} 17. b5 {[%clk
00:26:32]} {[%emt 00:10:14]} Na7 {[%clk 00:47:20]} {[%emt 00:02:12]} 18. Qd3
{[%clk 00:15:08]} {[%emt 00:11:54]} Bxf3 {[%clk 00:29:04]} {[%emt 00:18:47]}
19. Bxf3 {[%clk 00:15:32]} {[%emt 00:00:05]} d4 {[%clk 00:28:19]} {[%emt
00:01:15]} 20. a4 {[%clk 00:13:09]} {[%emt 00:02:54]} Bb4 {[%clk 00:28:05]}
{[%emt 00:00:44]} 21. Re5 {[%clk 00:10:39]} {[%emt 00:03:00]} Qd6 {[%clk
00:23:57]} {[%emt 00:04:38]} 22. Rf5 {[%clk 00:08:09]} {[%emt 00:03:00]} g6
{[%clk 00:17:08]} {[%emt 00:07:19]} 23. Rxf6 {[%clk 00:08:18]} {[%emt
00:00:21]} Qxf6 {[%clk 00:17:30]} {[%emt 00:00:08]} 24. Nd5 {[%clk 00:07:10]}
{[%emt 00:01:38]} Qe5 {[%clk 00:13:10]} {[%emt 00:04:50]} 25. Bxd4 {[%clk
00:05:44]} {[%emt 00:01:55]} Rxd5 {[%clk 00:12:05]} {[%emt 00:01:36]} 26. Bxd5
Qxd5 {[%clk 00:12:34]} 27. c4 {[%clk 00:03:40]} {[%emt 00:00:28]} Qd7 {[%clk
00:11:56]} {[%emt 00:01:08]} 28. Qe3 {[%clk 00:02:46]} {[%emt 00:01:24]} Rd8
{[%clk 00:05:04]} {[%emt 00:07:22]} 29. Bxa7 {[%clk 00:01:12]} {[%emt
00:02:04]} Bd2 {[%clk 00:05:24]} {[%emt 00:00:09]} 30. Rd1 {[%clk 00:01:34]}
{[%emt 00:00:07]} Bxe3 {[%clk 00:05:41]} {[%emt 00:00:14]} 31. Rxd7 {[%clk
00:02:01]} {[%emt 00:00:04]} Bxf2 {[%clk 00:05:21]} {[%emt 00:00:50]} 32. Kxf2
{[%clk 00:02:27]} {[%emt 00:00:03]} Rxd7 {[%clk 00:05:40]} {[%emt 00:00:12]}
33. Be3 {[%clk 00:02:16]} {[%emt 00:00:41]} Rd3 {[%clk 00:03:42]} {[%emt
00:02:27]} 34. Bb6 {[%clk 00:00:32]} {[%emt 00:02:16]} Ra3 {[%clk 00:03:30]}
{[%emt 00:00:41]} 35. c5 {[%clk 00:00:33]} {[%emt 00:00:28]} Rxa4 {[%clk
00:03:42]} {[%emt 00:00:19]} 36. c6 {[%clk 00:00:57]} {[%emt 00:00:05]} bxc6
{[%clk 00:04:05]} {[%emt 00:00:08]} 37. bxc6 {[%clk 00:01:23]} {[%emt
00:00:04]} Rc4 {[%clk 00:04:10]} {[%emt 00:00:24]} 38. Bxa5 {[%clk 00:00:44]}
{[%emt 00:01:10]} Rxc6 {[%clk 00:04:35]} {[%emt 00:00:05]} 39. Kf3 {[%clk
00:00:38]} {[%emt 00:00:34]} Kg7 {[%clk 00:04:51]} {[%emt 00:00:16]} 40. h4
{[%clk 00:00:32]} {[%emt 00:00:35]} h5 {[%clk 00:02:23]} {[%emt 00:02:58]} 41.
Ke4 {[%clk 00:22:37]} {[%emt 00:08:25]} Rc4 {[%clk 00:32:05]} {[%emt 00:00:48]}
42. Kd5 {[%clk 00:20:53]} {[%emt 00:02:14]} Rc2 {[%clk 00:29:36]} {[%emt
00:02:59]} 43. Bb6 {[%clk 00:18:21]} {[%emt 00:03:02]} Kf6 {[%clk 00:29:22]}
{[%emt 00:00:44]} 44. Ke4 {[%clk 00:17:36]} {[%emt 00:01:12]} Rc4 {[%clk
00:29:32]} {[%emt 00:00:22]} 45. Kf3 {[%clk 00:15:31]} {[%emt 00:02:35]} Kf5
{[%clk 00:29:58]} {[%emt 00:00:05]} 46. Be3 {[%clk 00:12:02]} {[%emt 00:03:58]}
Rc3 {[%clk 00:30:23]} {[%emt 00:00:06]} 47. Kf2 {[%clk 00:11:37]} {[%emt
00:00:54]} Rxe3 {[%clk 00:30:40]} {[%emt 00:00:15]} 48. Kxe3 {[%clk 00:11:57]}
{[%emt 00:00:09]} Kg4 {[%clk 00:31:06]} {[%emt 00:00:03]} 49. Kf2 {[%clk
00:12:20]} {[%emt 00:00:07]} f5 {[%clk 00:31:28]} {[%emt 00:00:09]} 50. Kg2
{[%clk 00:12:39]} {[%emt 00:00:11]} f4 {[%clk 00:31:49]} {[%emt 00:00:09]} 51.
gxf4 {[%clk 00:12:49]} {[%emt 00:00:20]} Kxf4 {[%clk 00:32:07]} {[%emt
00:00:11]} 52. Kh3 {[%clk 00:13:09]} {[%emt 00:00:10]} Kf3 {[%clk 00:32:31]}
{[%emt 00:00:08]} 53. Kh2 {[%clk 00:13:21]} {[%emt 00:00:17]} Kg4 {[%clk
00:32:57]} {[%emt 00:00:04]} 54. Kg2 {[%clk 00:13:45]} {[%emt 00:00:05]} Kxh4
{[%clk 00:33:23]} {[%emt 00:00:05]} 55. Kh2 {[%clk 00:14:12]} {[%emt 00:00:03]}
Kg4 {[%clk 00:33:46]} {[%emt 00:00:07]} 56. Kg2 {[%clk 00:14:39]} {[%emt
00:00:04]} g5 {[%clk 00:34:09]} {[%emt 00:00:06]} 57. Kh2 {[%clk 00:15:01]}
{[%emt 00:00:08]} Kf3 {[%clk 00:34:33]} {[%emt 00:00:07]} 58. Kg1 {[%clk
00:15:26]} {[%emt 00:00:05]} Kg3 {[%clk 00:34:56]} {[%emt 00:00:06]} 59. Kh1
{[%clk 00:14:52]} {[%emt 00:01:04]} g4 {[%emt 00:00:23]} 0-1

[Event "DVM U20 2022"]
[Site "Münster GER"]
[Date "2022.12.28"]
[Round "3"]
[White "Weidemann, Jakob"]
[Black "Biermann, Lenhard"]
[Result "0-1"]
[Termination "normal"]
[Board "3.1"]
[WhiteElo "2169"]
[BlackElo "2086"]
[WhiteClock "00:26:44"]
[BlackClock "00:14:18"]
[WhiteTeam "Schachklub Münster 32 e. V."]
[BlackTeam "Schachgesellschaft Bochum 1931"]
[PlyCount "114"]
[WhiteFideId "16255470"]
[BlackFideId "12970077"]
[EventCountry "GER"]
[EventRounds "7"]
[EventType "team-swiss"]
[EventDate "2022.12.26"]

1. e4 {[%clk 01:30:56]} {[%emt 00:00:02]} e6 {[%clk 01:30:58]} {[%emt
00:00:02]} 2. d4 {[%clk 01:31:14]} {[%emt 00:00:13]} d5 {[%clk 01:31:27]}
{[%emt 00:00:02]} 3. Nd2 {[%clk 01:31:31]} {[%emt 00:00:13]} Nf6 {[%clk
01:31:15]} {[%emt 00:00:42]} 4. e5 {[%clk 01:31:50]} {[%emt 00:00:11]} Nfd7
{[%clk 01:31:42]} {[%emt 00:00:03]} 5. Bd3 {[%clk 01:32:07]} {[%emt 00:00:13]}
c5 {[%clk 01:32:08]} {[%emt 00:00:05]} 6. c3 {[%clk 01:32:25]} {[%emt
00:00:11]} Nc6 {[%clk 01:31:31]} {[%emt 00:01:07]} 7. Ne2 {[%clk 01:32:43]}
{[%emt 00:00:12]} cxd4 {[%clk 01:31:32]} {[%emt 00:00:30]} 8. cxd4 {[%clk
01:33:03]} {[%emt 00:00:11]} f6 {[%clk 01:31:16]} {[%emt 00:00:46]} 9. Nf4
{[%clk 01:32:32]} {[%emt 00:01:00]} Nxd4 {[%clk 01:31:23]} {[%emt 00:00:23]}
10. Qh5 {[%clk 01:32:49]} {[%emt 00:00:12]} Ke7 {[%clk 01:31:43]} {[%emt
00:00:11]} 11. Ng6 {[%clk 01:33:03]} {[%emt 00:00:15]} hxg6 {[%clk 01:32:05]}
{[%emt 00:00:09]} 12. exf6 {[%clk 01:33:24]} {[%emt 00:00:09]} Nxf6 {[%clk
01:31:53]} {[%emt 00:00:42]} 13. Qxh8 {[%clk 01:33:42]} {[%emt 00:00:11]} Kf7
{[%clk 01:31:39]} {[%emt 00:00:45]} 14. O-O {[%clk 01:33:41]} {[%emt 00:00:30]}
e5 {[%clk 01:31:12]} {[%emt 00:00:57]} 15. Nb3 {[%clk 01:34:01]} {[%emt
00:00:10]} Nxb3 {[%clk 01:30:15]} {[%emt 00:01:27]} 16. axb3 {[%clk 01:34:17]}
{[%emt 00:00:14]} Bf5 {[%clk 01:28:59]} {[%emt 00:01:46]} 17. Bxf5 {[%clk
01:34:37]} {[%emt 00:00:10]} gxf5 {[%clk 01:29:26]} {[%emt 00:00:03]} 18. Bg5
{[%clk 01:34:41]} {[%emt 00:00:26]} Bc5 {[%clk 00:56:43]} {[%emt 00:33:14]} 19.
Qh3 {[%clk 01:27:10]} {[%emt 00:08:01]} g6 {[%clk 00:34:48]} {[%emt 00:22:25]}
20. Bxf6 {[%clk 01:09:02]} {[%emt 00:18:37]} Kxf6 {[%clk 00:33:47]} {[%emt
00:01:31]} 21. Rac1 {[%clk 00:57:00]} {[%emt 00:12:32]} Bb6 {[%clk 00:26:04]}
{[%emt 00:08:14]} 22. Rfe1 {[%clk 00:51:17]} {[%emt 00:06:13]} e4 {[%clk
00:23:48]} {[%emt 00:02:47]} 23. g4 {[%clk 00:50:17]} {[%emt 00:01:29]} Qh8
{[%clk 00:20:26]} {[%emt 00:03:52]} 24. g5 {[%clk 00:49:30]} {[%emt 00:01:17]}
Ke6 {[%clk 00:19:17]} {[%emt 00:01:39]} 25. Qg3 {[%clk 00:33:17]} {[%emt
00:16:43]} Qe5 {[%clk 00:16:42]} {[%emt 00:03:05]} 26. Qg2 {[%clk 00:27:33]}
{[%emt 00:06:14]} Rh8 {[%clk 00:14:57]} {[%emt 00:02:15]} 27. Rcd1 {[%clk
00:22:35]} {[%emt 00:05:28]} Rh4 {[%clk 00:08:07]} {[%emt 00:07:20]} 28. Kh1
{[%clk 00:20:29]} {[%emt 00:02:35]} Bc7 {[%clk 00:07:02]} {[%emt 00:01:34]} 29.
h3 {[%clk 00:20:22]} {[%emt 00:00:37]} Rh5 {[%clk 00:06:29]} {[%emt 00:01:04]}
30. f3 {[%clk 00:16:39]} {[%emt 00:04:12]} Qh8 {[%clk 00:03:24]} {[%emt
00:03:36]} 31. fxe4 {[%clk 00:08:43]} {[%emt 00:08:26]} Rxh3 {[%clk 00:03:43]}
{[%emt 00:00:11]} 32. Kg1 {[%clk 00:09:07]} {[%emt 00:00:06]} Bb6 {[%clk
00:03:01]} {[%emt 00:01:12]} 33. Kf1 {[%clk 00:08:42]} {[%emt 00:00:54]} Rh1
{[%clk 00:03:14]} {[%emt 00:00:18]} 34. Ke2 {[%clk 00:08:16]} {[%emt 00:00:56]}
Rh2 {[%clk 00:03:37]} {[%emt 00:00:08]} 35. exf5 {[%clk 00:08:20]} {[%emt
00:00:25]} Kf7 {[%clk 00:03:11]} {[%emt 00:00:55]} 36. fxg6 {[%clk 00:07:00]}
{[%emt 00:01:50]} Kxg6 {[%clk 00:03:10]} {[%emt 00:00:30]} 37. Qxh2 {[%clk
00:06:55]} {[%emt 00:00:35]} Qxh2 {[%clk 00:03:36]} {[%emt 00:00:05]} 38. Kd3
{[%clk 00:07:04]} {[%emt 00:00:20]} Qxb2 {[%clk 00:02:58]} {[%emt 00:01:08]}
39. Rb1 {[%clk 00:06:50]} {[%emt 00:00:44]} Qd4 {[%clk 00:02:51]} {[%emt
00:00:37]} 40. Kc2 {[%clk 00:07:10]} {[%emt 00:00:10]} Qf2 {[%clk 00:03:04]}
{[%emt 00:00:18]} 41. Kc3 {[%clk 00:06:56]} {[%emt 00:00:43]} d4 {[%clk
00:02:50]} {[%emt 00:00:44]} 42. Kc4 {[%clk 00:06:37]} {[%emt 00:00:49]} Qc2
{[%clk 00:01:55]} {[%emt 00:01:26]} 43. Kd5 {[%clk 00:06:38]} {[%emt 00:00:29]}
Qc5 {[%clk 00:02:19]} {[%emt 00:00:05]} 44. Ke6 {[%clk 00:06:26]} {[%emt
00:00:43]} Qf5 {[%clk 00:02:41]} {[%emt 00:00:08]} 45. Ke7 {[%clk 00:05:20]}
{[%emt 00:01:36]} Bc5 {[%clk 00:02:00]} {[%emt 00:01:10]} 46. Kd8 {[%clk
00:05:28]} {[%emt 00:00:22]} Qd5 {[%clk 00:01:13]} {[%emt 00:01:17]} 47. Kc8
{[%clk 00:04:33]} {[%emt 00:01:25]} Bb6 {[%clk 00:20:04]} {[%emt 00:11:40]} 48.
Rec1 {[%clk 00:29:50]} {[%emt 00:05:12]} d3 {[%clk 00:15:49]} {[%emt 00:04:45]}
49. Rc4 {[%clk 00:29:14]} {[%emt 00:01:05]} d2 {[%clk 00:14:45]} {[%emt
00:01:35]} 50. Rd1 {[%clk 00:29:29]} {[%emt 00:00:15]} Qe6 {[%clk 00:14:35]}
{[%emt 00:00:40]} 51. Kxb7 {[%clk 00:29:16]} {[%emt 00:00:43]} Qe2 {[%clk
00:14:26]} {[%emt 00:00:39]} 52. Rc6 {[%clk 00:29:04]} {[%emt 00:00:43]} Kg7
{[%clk 00:14:45]} {[%emt 00:00:11]} 53. Rxd2 {[%clk 00:26:26]} {[%emt
00:03:08]} Qxd2 {[%clk 00:15:03]} {[%emt 00:00:11]} 54. Rc8 {[%clk 00:26:26]}
{[%emt 00:00:30]} Qxg5 {[%clk 00:14:39]} {[%emt 00:00:54]} 55. b4 {[%clk
00:26:34]} {[%emt 00:00:22]} Kf7 {[%clk 00:14:41]} {[%emt 00:00:28]} 56. b5
{[%clk 00:26:39]} {[%emt 00:00:25]} Qxb5 {[%clk 00:14:34]} {[%emt 00:00:37]}
57. Ka8 {[%clk 00:26:44]} {[%emt 00:00:26]} a5 {[%clk 00:14:18]} {[%emt
00:00:46]} 0-1

[Event "DVM U20 2022"]
[Site "Münster GER"]
[Date "2022.12.28"]
[Round "3"]
[White "Biermann, Florian"]
[Black "Kamp, Adrian"]
[Result "1/2-1/2"]
[Termination "normal"]
[Board "3.2"]
[WhiteElo "2113"]
[BlackElo "1979"]
[WhiteClock "00:03:12"]
[BlackClock "00:00:54"]
[WhiteTeam "Schachgesellschaft Bochum 1931"]
[BlackTeam "Schachklub Münster 32 e. V."]
[PlyCount "179"]
[WhiteFideId "12970069"]
[BlackFideId "16222466"]
[EventCountry "GER"]
[EventRounds "7"]
[EventType "team-swiss"]
[EventDate "2022.12.26"]

1. c4 {[%clk 01:30:57]} {[%emt 00:00:02]} c5 {[%clk 01:30:39]} {[%emt
00:00:21]} 2. Nf3 {[%clk 01:31:20]} {[%emt 00:00:08]} Nc6 {[%clk 01:30:59]}
{[%emt 00:00:09]} 3. d4 {[%clk 01:31:43]} {[%emt 00:00:07]} cxd4 {[%clk
01:31:06]} {[%emt 00:00:23]} 4. Nxd4 {[%clk 01:32:06]} {[%emt 00:00:07]} Nf6
{[%clk 01:31:08]} {[%emt 00:00:27]} 5. g3 {[%clk 01:30:22]} {[%emt 00:02:15]}
e6 {[%clk 01:28:24]} {[%emt 00:03:13]} 6. Bg2 {[%clk 01:28:18]} {[%emt
00:02:34]} Bc5 {[%clk 01:24:51]} {[%emt 00:04:02]} 7. Nb3 {[%clk 01:26:42]}
{[%emt 00:02:07]} Bb4 {[%clk 01:24:01]} {[%emt 00:01:20]} 8. Bd2 {[%clk
01:09:48]} {[%emt 00:17:25]} Bxd2 {[%clk 01:20:43]} {[%emt 00:03:48]} 9. N1xd2
{[%clk 01:09:48]} {[%emt 00:00:30]} O-O {[%clk 01:18:39]} {[%emt 00:02:33]} 10.
O-O {[%clk 01:10:10]} {[%emt 00:00:09]} b6 {[%clk 01:14:49]} {[%emt 00:04:20]}
11. Rc1 {[%clk 00:59:48]} {[%emt 00:10:51]} Bb7 {[%clk 01:07:55]} {[%emt
00:07:23]} 12. Ne4 {[%clk 00:46:34]} {[%emt 00:13:45]} Nxe4 {[%clk 01:04:21]}
{[%emt 00:04:04]} 13. Bxe4 {[%clk 00:46:33]} {[%emt 00:00:30]} Na5 {[%clk
01:03:31]} {[%emt 00:01:20]} 14. Bxb7 {[%clk 00:39:01]} {[%emt 00:08:03]} Nxb7
{[%clk 01:03:50]} {[%emt 00:00:11]} 15. Qd4 {[%clk 00:37:26]} {[%emt 00:02:04]}
Qe7 {[%clk 00:59:39]} {[%emt 00:04:41]} 16. Rfd1 {[%clk 00:37:41]} {[%emt
00:00:16]} Rfd8 {[%clk 00:57:30]} {[%emt 00:02:38]} 17. Qe3 {[%clk 00:37:56]}
{[%emt 00:00:15]} Rac8 {[%clk 00:55:00]} {[%emt 00:03:01]} 18. Rd2 {[%clk
00:28:58]} {[%emt 00:09:28]} h6 {[%clk 00:52:31]} {[%emt 00:02:58]} 19. f3
{[%clk 00:26:37]} {[%emt 00:02:50]} d6 {[%clk 00:49:23]} {[%emt 00:03:38]} 20.
Kf2 {[%clk 00:26:02]} {[%emt 00:01:05]} Rd7 {[%clk 00:46:28]} {[%emt 00:03:26]}
21. Rdd1 {[%clk 00:21:34]} {[%emt 00:04:58]} Rdc7 {[%clk 00:42:30]} {[%emt
00:04:27]} 22. Qf4 {[%clk 00:20:34]} {[%emt 00:01:30]} Qf6 {[%clk 00:38:43]}
{[%emt 00:04:18]} 23. Qxf6 {[%clk 00:11:54]} {[%emt 00:09:10]} gxf6 {[%clk
00:39:02]} {[%emt 00:00:11]} 24. Nd2 {[%clk 00:11:59]} {[%emt 00:00:25]} d5
{[%clk 00:38:20]} {[%emt 00:01:11]} 25. b3 {[%clk 00:12:04]} {[%emt 00:00:26]}
b5 {[%clk 00:38:17]} {[%emt 00:00:32]} 26. Rc2 {[%clk 00:12:17]} {[%emt
00:00:17]} Nd6 {[%clk 00:37:09]} {[%emt 00:01:38]} 27. Rdc1 {[%clk 00:12:36]}
{[%emt 00:00:11]} bxc4 {[%clk 00:36:01]} {[%emt 00:01:38]} 28. bxc4 {[%clk
00:10:18]} {[%emt 00:02:49]} dxc4 {[%clk 00:34:21]} {[%emt 00:02:09]} 29. Ne4
{[%clk 00:08:51]} {[%emt 00:01:56]} Nxe4 {[%clk 00:33:33]} {[%emt 00:01:18]}
30. fxe4 {[%clk 00:09:15]} {[%emt 00:00:07]} Rc5 {[%clk 00:31:11]} {[%emt
00:02:51]} 31. Ke3 {[%clk 00:09:05]} {[%emt 00:00:40]} Ra5 {[%clk 00:29:52]}
{[%emt 00:01:49]} 32. Rxc4 {[%clk 00:08:41]} {[%emt 00:00:53]} Rxc4 {[%clk
00:30:11]} {[%emt 00:00:11]} 33. Rxc4 {[%clk 00:09:07]} {[%emt 00:00:04]} Rxa2
{[%clk 00:30:32]} {[%emt 00:00:10]} 34. Rc8 {[%clk 00:09:33]} {[%emt 00:00:04]}
Kg7 {[%clk 00:30:49]} {[%emt 00:00:13]} 35. Ra8 {[%clk 00:09:06]} {[%emt
00:00:57]} Ra3 {[%clk 00:26:59]} {[%emt 00:04:20]} 36. Kf2 {[%clk 00:09:24]}
{[%emt 00:00:12]} Kg6 {[%clk 00:26:51]} {[%emt 00:00:37]} 37. Rg8 {[%clk
00:09:28]} {[%emt 00:00:26]} Kh7 {[%clk 00:26:38]} {[%emt 00:00:43]} 38. Ra8
{[%clk 00:09:45]} {[%emt 00:00:12]} a5 {[%clk 00:26:50]} {[%emt 00:00:19]} 39.
Ra7 {[%clk 00:09:00]} {[%emt 00:01:15]} Kg6 {[%clk 00:26:43]} {[%emt 00:00:37]}
40. Ra8 {[%clk 00:08:50]} {[%emt 00:00:40]} f5 {[%clk 00:26:06]} {[%emt
00:01:07]} 41. exf5 {[%clk 00:09:07]} {[%emt 00:00:13]} Kxf5 {[%clk 00:25:43]}
{[%emt 00:00:53]} 42. Rf8 {[%clk 00:08:36]} {[%emt 00:01:01]} Kf6 {[%clk
00:25:04]} {[%emt 00:01:08]} 43. Rh8 {[%clk 00:08:21]} {[%emt 00:00:45]} Kg7
{[%clk 00:25:22]} {[%emt 00:00:13]} 44. Ra8 {[%clk 00:08:46]} {[%emt 00:00:05]}
a4 {[%clk 00:24:48]} {[%emt 00:01:04]} 45. Ra5 {[%clk 00:07:44]} {[%emt
00:01:33]} Ra1 {[%clk 00:24:06]} {[%emt 00:01:11]} 46. Ra8 {[%clk 00:06:38]}
{[%emt 00:01:37]} e5 {[%clk 00:22:58]} {[%emt 00:01:37]} 47. Ra6 {[%clk
00:06:33]} {[%emt 00:00:35]} f6 {[%clk 00:21:47]} {[%emt 00:01:41]} 48. Ra8
{[%clk 00:06:30]} {[%emt 00:00:33]} h5 {[%clk 00:20:57]} {[%emt 00:01:20]} 49.
Ra6 {[%clk 00:05:57]} {[%emt 00:01:03]} a3 {[%clk 00:19:34]} {[%emt 00:01:54]}
50. Ra8 {[%clk 00:05:37]} {[%emt 00:00:50]} Kg6 {[%clk 00:19:27]} {[%emt
00:00:37]} 51. Ra6 {[%clk 00:05:36]} {[%emt 00:00:31]} Kf5 {[%clk 00:18:18]}
{[%emt 00:01:39]} 52. h3 {[%clk 00:03:16]} {[%emt 00:02:50]} Kg5 {[%clk
00:16:01]} {[%emt 00:02:47]} 53. Ra8 {[%clk 00:03:04]} {[%emt 00:00:42]} h4
{[%clk 00:05:03]} {[%emt 00:11:28]} 54. gxh4 {[%clk 00:19:12]} {[%emt
00:14:22]} Kxh4 {[%clk 00:34:58]} {[%emt 00:00:35]} 55. Rh8 {[%clk 00:19:29]}
{[%emt 00:00:12]} Kg5 {[%clk 00:35:19]} {[%emt 00:00:10]} 56. Rg8 {[%clk
00:19:34]} {[%emt 00:00:23]} Kf4 {[%clk 00:34:31]} {[%emt 00:01:20]} 57. Rg4
{[%clk 00:19:55]} {[%emt 00:00:09]} Kf5 {[%clk 00:34:55]} {[%emt 00:00:06]} 58.
Ra4 {[%clk 00:20:17]} {[%emt 00:00:08]} Kg5 {[%clk 00:31:18]} {[%emt 00:04:07]}
59. Rg4 {[%clk 00:17:30]} {[%emt 00:03:17]} Kf5 {[%clk 00:19:43]} {[%emt
00:12:06]} 60. Ra4 {[%clk 00:17:37]} {[%emt 00:00:23]} Ke6 {[%clk 00:20:03]}
{[%emt 00:00:09]} 61. Kg2 {[%clk 00:14:32]} {[%emt 00:03:35]} Kd5 {[%clk
00:18:33]} {[%emt 00:02:00]} 62. h4 {[%clk 00:07:18]} {[%emt 00:07:45]} Ke6
{[%clk 00:17:47]} {[%emt 00:01:15]} 63. Kf2 {[%clk 00:06:35]} {[%emt 00:01:13]}
Kf5 {[%clk 00:17:31]} {[%emt 00:00:45]} 64. Ke3 {[%clk 00:05:32]} {[%emt
00:01:34]} Rh1 {[%clk 00:16:41]} {[%emt 00:01:20]} 65. Kf2 {[%clk 00:05:48]}
{[%emt 00:00:14]} Rh3 {[%clk 00:16:19]} {[%emt 00:00:51]} 66. Ra6 {[%clk
00:03:25]} {[%emt 00:02:54]} e4 {[%clk 00:12:56]} {[%emt 00:03:53]} 67. h5
{[%clk 00:03:13]} {[%emt 00:00:41]} Rxh5 {[%clk 00:10:41]} {[%emt 00:02:45]}
68. Rxa3 {[%clk 00:03:32]} {[%emt 00:00:10]} Rh2 {[%clk 00:11:06]} {[%emt
00:00:06]} 69. Kf1 {[%clk 00:03:33]} {[%emt 00:00:30]} Kf4 {[%clk 00:11:23]}
{[%emt 00:00:12]} 70. Ra7 {[%clk 00:02:28]} {[%emt 00:01:36]} e3 {[%clk
00:10:35]} {[%emt 00:01:17]} 71. Ra8 {[%clk 00:02:41]} {[%emt 00:00:18]} f5
{[%clk 00:10:43]} {[%emt 00:00:21]} 72. Ra7 {[%clk 00:03:05]} {[%emt 00:00:05]}
Rh4 {[%clk 00:09:08]} {[%emt 00:02:06]} 73. Ra8 {[%clk 00:02:49]} {[%emt
00:00:46]} Kg3 {[%clk 00:09:08]} {[%emt 00:00:29]} 74. Kg1 {[%clk 00:02:09]}
{[%emt 00:01:10]} Rd4 {[%clk 00:08:16]} {[%emt 00:01:22]} 75. Rg8 {[%clk
00:02:19]} {[%emt 00:00:20]} Kf4 {[%clk 00:08:23]} {[%emt 00:00:23]} 76. Ra8
{[%clk 00:02:43]} {[%emt 00:00:06]} Kg3 {[%clk 00:06:43]} {[%emt 00:02:11]} 77.
Rg8 {[%clk 00:03:01]} {[%emt 00:00:11]} Rg4 {[%clk 00:07:07]} {[%emt 00:00:06]}
78. Ra8 {[%clk 00:03:22]} {[%emt 00:00:09]} Kh3 {[%clk 00:06:27]} {[%emt
00:01:09]} 79. Kf1 {[%clk 00:02:52]} {[%emt 00:01:01]} Rf4 {[%clk 00:05:45]}
{[%emt 00:01:12]} 80. Ke1 {[%clk 00:02:47]} {[%emt 00:00:35]} Kg2 {[%clk
00:05:59]} {[%emt 00:00:16]} 81. Rg8 {[%clk 00:03:10]} {[%emt 00:00:08]} Rg4
{[%clk 00:06:08]} {[%emt 00:00:21]} 82. Rf8 {[%clk 00:02:52]} {[%emt 00:00:48]}
Rg5 {[%clk 00:04:53]} {[%emt 00:01:46]} 83. Rf7 {[%clk 00:02:33]} {[%emt
00:00:49]} Kg3 {[%clk 00:04:42]} {[%emt 00:00:41]} 84. Kf1 {[%clk 00:02:33]}
{[%emt 00:00:30]} Rh5 {[%clk 00:02:35]} {[%emt 00:02:36]} 85. Kg1 {[%clk
00:02:46]} {[%emt 00:00:18]} Kf4 {[%clk 00:01:42]} {[%emt 00:01:23]} 86. Ra7
{[%clk 00:02:49]} {[%emt 00:00:28]} Rg5 {[%clk 00:01:51]} {[%emt 00:00:21]} 87.
Kf1 {[%clk 00:03:03]} {[%emt 00:00:16]} Rg8 {[%clk 00:02:06]} {[%emt 00:00:14]}
88. Rb7 {[%clk 00:03:03]} {[%emt 00:00:30]} Ra8 {[%clk 00:02:05]} {[%emt
00:00:30]} 89. Kg2 {[%clk 00:03:08]} {[%emt 00:00:25]} Rg8 {[%clk 00:00:54]}
{[%emt 00:01:42]} 90. Kf1 {[%clk 00:03:12]} {[%emt 00:00:26]} 1/2-1/2